MARC

LEADER 00000nas a2200000 a 4500
001 ssj0000800557
003 WaSeSS
005 20200512172242.0
006 m d
007 cr n
008 081121c20099999nz ar s 0 a0eng c
010 |a  2012254642 
022 |a 1179-1624  |l 1179-1624 
035 |a (WaSeSS)ssj0000800557 
040 |a NZ1  |b eng  |c NZ1  |d OCLCQ  |d NTE  |d OCLCQ  |d CUV  |d CUS  |d OCLCF  |d OCLCO  |d EUW  |d OCLCO  |d OCLCQ  |d WT2  |d OCLCQ  |d AU@  |d OCLCO  |d OCLCA  |d VT2  |d STF  |d OCLCO  |d OCLCA  |d OCLCQ  |d OCLCA  |d SFB  |d WaSeSS 
042 |a pcc 
050 4 |a QR355 
082 0 4 |a 616.9101  |2 22 
210 1 |a Virus adapt. treat. 
222 0 |a Virus adaptation and treatment 
245 0 0 |a Virus adaptation and treatment  |h [electronic resource]. 
260 |a [Auckland, N.Z.] :  |b Dove Medical Press,  |c ©2009- 
310 |a Annual 
362 1 |a Began with v. 1 (2009). 
500 |a Archived by the National Library of New Zealand. 
506 |a License restrictions may limit access. 
515 |a Articles added irregularly during the year and collected into annual issues. 
538 |a Mode of access: World Wide Web. 
588 0 |a First issue; title from issue home page (viewed July 7, 2009). 
588 1 |a Vol. 4 (2012). 
650 0 |a Virology  |v Periodicals. 
650 0 |a Antiviral agents  |v Periodicals. 
650 0 |a Virus diseases  |x Immunological aspects  |v Periodicals. 
650 0 |a Viruses  |x Variation  |v Periodicals. 
650 2 |a Drug Resistance, Viral. 
650 2 |a Virus Diseases  |x therapy. 
650 2 |a Antiviral Agents. 
650 7 |a Virology.  |2 ebps 
650 7 |a Antiviral agents.  |2 fast  |0 (OCoLC)fst00810869 
650 7 |a Virology.  |2 fast  |0 (OCoLC)fst01167670 
650 7 |a Virus diseases  |x Immunological aspects.  |2 fast  |0 (OCoLC)fst01167749 
650 7 |a Viruses  |x Variation.  |2 fast  |0 (OCoLC)fst01167789 
655 0 |a Electronic journals. 
856 4 0 |z Full text available from Research Library: 01/01/2009 to present  |u https://search.proquest.com/publication/3948569